000 00288nam a22001337a 4500
008 171102b xxu||||| |||| 00| 0 eng d
020 _a0471000590
041 _aeng
080 _a339.138
100 _a60
101 _aMAR
245 _aMARKETING RESEARCH
_cAAKER,D.A
942 _2udc
_cBK
999 _c37390
_d37390